| 000 | 00647nam a2200229 a 4500 | ||
|---|---|---|---|
| 005 | 20210219153242.0 | ||
| 008 | 991125n 000 0 u | ||
| 035 | _aUPN01000085889 | ||
| 100 | _aHansen, Jane | ||
| 222 | _aEDUCATIONAL LEADERSHIP | ||
| 245 | _aLiteracy portfolios motivate reluctant writers | ||
| 300 | _a66-68 | ||
| 362 | _a49, No. 8, 1992 | ||
| 505 | _aSeptiembre 1992 | ||
| 653 | 0 | _aDIFERENCIAS INDIVIDUALES | |
| 653 | 0 | _aEDUCACION ALFABETIZADORA | |
| 653 | 0 | _aINTERESES DEL ESTUDIANTE | |
| 653 | 0 | _aPORTFOLIOS (BACKGROUND MATERIALS) | |
| 653 | 0 | _aRELACION (EDUCACION) | |
| 904 |
_aAC _b023700 |
||
| 905 | _aArticulo | ||
| 999 |
_c72104 _d72104 |
||